00697nam a2200241 a 4500001001300000003000900013005001700022008003800039020001000077082001500087100001600102245007700118260001300195300000900208500003500217505001000252650003200262700001600294902000800310942000700318952011500325999001500440nice12345678IN_TiNIC20260116011855.0050524s1969 a grp 000 0 ara  ac10000a229.9bSIM aSiman, Ewaz aInjil-Barnabab Darul Talif Wan Nashr-Lil-Kanisatil Usqafiyya Al Qahira. abc1969 a108p aincludes index and biblioraphy2 aIndex aApocryphal Gospels-Barnabas1 aSiman, Ewaz bSRS cBK 001040708StackRoom-aHMIbHMId2007-06-22g100.00l0o229.9 SIMp08190r2007-06-22v100.00w2005-05-24yBK c4617d4617